00696nam a2200181 4500001000700000003000900007005001700016007000300033008004100036100002800077245010300105260004200208300003900250700005200289852003200341999001900373952012200392113021ES-MaACL20240429104934.0t|061121s1969 sp r ||||1| spa d1 aNulli, Domenico.98613110aFederico el Grande / cDomenico Nulli ; traducción y adaptación de José María Alonso Gamo. aMadrid : bPrensa Española, c1969. a75 p., 2 lám. : bil. ; c29 cm.0 aAlonso Gamo, José María, d1913-1993920317 aES-MaACLjC-35753 bR.69214 c113021d113021 00104070aATENEOMbATENEOMcDEPO2d2008-01-17eSCl0oC-35753p1117890r2023-02-23 00:00:00w2023-02-23yMONOGRAFIA